=LDR 00000nam 2200000 4500 =001 INLIS000000000027421 =005 20130612125811 =008 ***********************************Ind** =035 ##$$0010-061300000027421 =041 ##$$a Ind =082 ##$$a 583.42 =090 ##$$a 583.42, Ari k =100 ##$$a Arief,M =245 ##$$a Kehidupan hutan bakau, M Arief =260 ##$$a 2005 $b Bandung =300 ##$$a 36 hlm, ilus, 28 cm =650 ##$$a Bakau-Tanaman =850 ##$$a NBPNMAT